000 00468nam a2200181Ia 4500
005 20250923144238.0
008 008 250917s9999 xx 000 0 eng d
037 _aReports
040 _aDSWL
_beng
_cDSWL
041 _aeng
_2eng
084 _aTl73:N34, H4
_qDSWL
100 _aAlfred, P
_9822800
245 0 _aReport 1944
_cby P. Alfred
260 _aNew York
_c1945
300 _a44p.
942 _cREP
_hTl73:N34, H4
999 _c1436547
_d1436547